[Event "DEN-ch Seniors"]
[Site "Skorping"]
[Date "2017.04.17"]
[Round "5"]
[White "Hansen, Max Erik"]
[Black "Rasmussen, Jens"]
[Result "0-1"]
[WhiteElo "1872"]
[BlackElo "1772"]
[PlyCount "172"]
[EventDate "2017.04.13"]
[EventType "swiss"]
[EventRounds "5"]
[EventCountry "DEN"]
[SourceTitle "EXT 2023"]
[Source "ChessBase"]
[SourceDate "2022.10.05"]
[SourceVersion "1"]
[SourceVersionDate "2022.10.05"]
[SourceQuality "1"]

1. d4 d5 2. Nc3 e6 3. e4 Bb4 4. e5 c5 5. Bd2 a6 6. a3 Bxc3 7. bxc3 c4 8. Qg4 g6 9. Nh3 Nc6 10. Be2 Bd7 11. 0-0 Qe7 12. Bg5 f6 13. exf6 Nxf6 14. Qh4 Rf8 15. Rfb1 0-0-0 16. Rb6 Rde8 17. Rab1 Nd8 18. Qg3 Bc6 19. Rxa6 Qc7 20. Bf4 Ne4 21. Ra8+ Kd7 22. Bxc7 Nxg3 23. Bxg3 Nf7 24. Rxe8 Rxe8 25. f4 h6 26. Nf2 Ra8 27. Ra1 Ba4 28. Bd1 h5 29. Nh3 Nd6 30. Be1 Nf5 31. Kf2 Nd6 32. Ng5 Ke7 33. Ke3 Ra6 34. Kd2 Kf6 35. g4 hxg4 36. Bxg4 Nf5 37. Bxf5 Kxf5 38. Bg3 Be8 39. h3 b5 40. Nf3 Ra7 41. Ne5 Rh7 42. h4 Ra7 43. Ke3 Rh7 44. Kf3 Ra7 45. Bf2 Rh7 46. Ng4 Ra7 47. Ne3+ Kf6 48. Bg3 Bd7 49. Nf1 Kf5 50. Bf2 Be8 51. Ng3+ Kf6 52. Kg4 Bf7 53. h5 gxh5+ 54. Kf3 h4 55. Nf1 Bh5+ 56. Ke3 h3 57. Bh4+ Kf5 58. Ng3+ Kg4 59. Nxh5 Kxh4 60. Nf6 Rf7 61. Nxd5 exd5 62. Kf3 Rg7 63. Rh1 Rg3+ 64. Kf2 Rxc3 65. f5 Rxc2+ 66. Kf3 Rc3+ 67. Kf4 Rxa3 68. f6 Ra7 69. Ke5 Kg3 70. Rg1+ Kf2 71. Rg7 Ra8 72. Rh7 Kg2 73. Rg7+ Kf2 74. Rh7 Ra3 75. f7 Rf3 76. Rxh3 Rxf7 77. Kxd5 Rf5+ 78. Ke4 Rg5 79. Rc3 Ke2 80. Rc2+ Kd1 81. Rh2 c3 82. Rh1+ Kc2 83. Rh2+ Kb1 84. d5 c2 85. Rxc2 Kxc2 86. d6 b4 0-1

[Event "DEN-ch Seniors 65+"]
[Site "Logumkloster"]
[Date "2017.02.18"]
[Round "7"]
[White "Larsen, Torben2222"]
[Black "Rasmussen, Jens"]
[Result "0-1"]
[WhiteElo "1658"]
[BlackElo "1720"]
[PlyCount "92"]
[EventDate "2017.02.12"]
[EventType "swiss"]
[EventRounds "7"]
[EventCountry "DEN"]
[SourceTitle "EXT 2018"]
[Source "ChessBase"]
[SourceDate "2017.10.13"]
[SourceVersion "1"]
[SourceVersionDate "2017.10.13"]
[SourceQuality "1"]

1. d4 d5 2. c4 e6 3. Nf3 Nf6 4. Nc3 c6 5. e3 Bb4 6. cxd5 exd5 7. Be2 Ne4 8. Qc2 0-0 9. 0-0 Nxc3 10. bxc3 Bd6 11. c4 b6 12. cxd5 cxd5 13. Bb2 Bb7 14. Rac1 Nd7 15. Qd3 a5 16. Ba3 Ba6 17. Qxa6 Bxa3 18. Qb5 Bxc1 19. Rxc1 Nf6 20. Ne5 Qd6 21. Rc6 Qb4 22. Rxb6 Qxb5 23. Rxb5 Rfb8 24. a4 Rc8 25. Nd3 Rc2 26. Kf1 Ra2 27. Bd1 Ra1 28. Ke1 Ne4 29. Nb2 Nc3 30. Rc5 Nxd1 31. Nxd1 Rxa4 32. Rxd5 Ra1 33. Kd2 a4 34. Nc3 a3 35. Rb5 g6 36. Kc2 Re1 37. Rb1 Rxb1 38. Kxb1 Rb8+ 39. Ka2 Rb2+ 40. Kxa3 Rxf2 41. d5 Kf8 42. d6 Ke8 43. Kb4 Kd7 44. Kc5 Rxg2 45. Nd5 Rc2+ 46. Kd4 Kxd6 0-1

[Event "DEN-ch Seniors 65+"]
[Site "Logumkloster"]
[Date "2017.02.14"]
[Round "3"]
[White "Andersson, Finn"]
[Black "Rasmussen, Jens"]
[Result "0-1"]
[WhiteElo "1780"]
[BlackElo "1720"]
[PlyCount "97"]
[EventDate "2017.02.12"]
[EventType "swiss"]
[EventRounds "7"]
[EventCountry "DEN"]
[SourceTitle "EXT 2018"]
[Source "ChessBase"]
[SourceDate "2017.10.13"]
[SourceVersion "1"]
[SourceVersionDate "2017.10.13"]
[SourceQuality "1"]

1. e4 c5 2. f4 d6 3. Nf3 Bg4 4. h3 Bxf3 5. Qxf3 Nd7 6. Nc3 e5 7. fxe5 Nxe5 8. Bb5+ Nc6 9. e5 Rc8 10. 0-0 f6 11. exf6 Qxf6 12. Qg4 Qd4+ 13. Qxd4 cxd4 14. Ne2 d5 15. Nxd4 Bc5 16. c3 Nf6 17. d3 Bxd4+ 18. cxd4 0-0 19. Bxc6 Rxc6 20. Bd2 b6 21. Bc3 g6 22. Rae1 Rf7 23. g3 a5 24. Kg2 Kg7 25. Re5 h6 26. Rfe1 Rcc7 27. Re6 Rb7 28. R1e5 Rfd7 29. Bd2 Ng8 30. Re2 g5 31. h4 gxh4 32. gxh4 Rdc7 33. Bf4 Re7 34. Be5+ Kh7 35. Rc6 Rf7 36. Rec2 Ne7 37. Re6 Nf5 38. Rec6 Ne3+ 39. Kg3 Nxc2 40. Rxc2 Kg6 41. Rc6+ Kh5 42. Bf4 Rg7+ 43. Kh3 Rg6 44. Rc2 Rf7 45. Re2 Rf5 46. Re3 Rgf6 47. Re5 Rxe5 48. Bxe5 Rf3+ 49. Kg2 0-1

[Event "DEN-ch Seniors 65+"]
[Site "Logumkloster"]
[Date "2017.02.12"]
[Round "1"]
[White "Rasmussen, Jens"]
[Black "Norregaard, Claus"]
[Result "1-0"]
[WhiteElo "1720"]
[BlackElo "2003"]
[PlyCount "133"]
[EventDate "2017.02.12"]
[EventType "swiss"]
[EventRounds "7"]
[EventCountry "DEN"]
[SourceTitle "EXT 2018"]
[Source "ChessBase"]
[SourceDate "2017.10.13"]
[SourceVersion "1"]
[SourceVersionDate "2017.10.13"]
[SourceQuality "1"]

1. d4 Nf6 2. Nf3 e6 3. e3 b6 4. Bd3 Bb7 5. Nbd2 d5 6. Qe2 c5 7. b3 Be7 8. Bb2 0-0 9. 0-0 Nc6 10. a3 Rc8 11. Ne5 Nd7 12. c4 f6 13. Bxh7+ Kxh7 14. Qh5+ Kg8 15. Ng6 f5 16. Nxf8 Qxf8 17. f4 Nf6 18. Qg6 Qf7 19. Qxf7+ Kxf7 20. dxc5 Bxc5 21. Rfe1 Ng4 22. Nf1 d4 23. b4 Be7 24. exd4 Rd8 25. Rad1 Bf6 26. h3 Nh6 27. Kh1 Ng8 28. Nh2 Nge7 29. Nf3 Ng6 30. Ne5+ Bxe5 31. dxe5 Rxd1 32. Rxd1 Ke7 33. Bc1 Nf8 34. Kh2 Nd7 35. Rd3 g6 36. Bd2 a5 37. Rd6 axb4 38. axb4 Nd8 39. Be3 Nf7 40. Rd2 Nd8 41. Ra2 Nc6 42. Rb2 Kd8 43. Bf2 Kc7 44. g4 Ne7 45. Kg3 Be4 46. Rd2 Nc8 47. g5 Nb8 48. h4 Nc6 49. Rb2 Bd3 50. c5 b5 51. h5 gxh5 52. Kh4 N8e7 53. Kxh5 Nxe5 54. fxe5 f4 55. Kh6 Ng6 56. Rd2 Bf5 57. Bd4 Kc6 58. Bc3 f3 59. Bd4 Kd5 60. Bf2+ Kxe5 61. c6 Ne7 62. c7 Be4 63. Bg3+ Kf5 64. g6 Kf6 65. Bh4+ Ke5 66. Bxe7 Bb7 67. g7 1-0

[Event "Odense Andersen op"]
[Site "Odense"]
[Date "2013.05.10"]
[Round "5"]
[White "Rasmussen, Jens"]
[Black "Nielsen, Thomas"]
[Result "1-0"]
[WhiteElo "1713"]
[BlackElo "1628"]
[PlyCount "75"]
[EventDate "2013.05.08"]
[EventType "swiss"]
[EventRounds "9"]
[EventCountry "DEN"]
[SourceTitle "CBM 154 Extra"]
[Source "ChessBase"]
[SourceDate "2013.06.25"]
[SourceVersion "2"]
[SourceVersionDate "2013.06.25"]
[SourceQuality "1"]

1. d4 f5 2. Nf3 Nf6 3. d5 d6 4. e3 g6 5. c4 Bg7 6. Nbd2 0-0 7. Bd3 Nbd7 8. Ng5 Nc5 9. Bc2 Nfe4 10. Ngxe4 fxe4 11. Nxe4 Nxe4 12. Bxe4 e6 13. 0-0 e5 14. Bf3 Qh4 15. e4 Bd7 16. g3 Qf6 17. Bg2 Rf7 18. Be3 Raf8 19. Qd2 Qd8 20. Rab1 Qc8 21. f4 Bh3 22. fxe5 Rxf1+ 23. Rxf1 Rxf1+ 24. Bxf1 Bxf1 25. Kxf1 Bxe5 26. Kg2 a6 27. b4 c6 28. a3 cxd5 29. Qxd5+ Kf8 30. c5 Qg4 31. Bh6+ Ke8 32. Qg8+ Kd7 33. Qf7+ Kc6 34. Qd5+ Kc7 35. cxd6+ Bxd6 36. Qc4+ Kd7 37. Qd3 Qh5 38. Bf4 1-0

[Event "Odense Andersen op"]
[Site "Odense"]
[Date "2012.05.17"]
[Round "2"]
[White "Rasmussen, Jens"]
[Black "Pedersen, Hans Buus"]
[Result "0-1"]
[WhiteElo "1708"]
[BlackElo "2112"]
[PlyCount "94"]
[EventDate "2012.05.16"]
[EventType "swiss"]
[EventRounds "9"]
[EventCountry "DEN"]
[SourceTitle "CBM 148 Extra"]
[Source "ChessBase"]
[SourceDate "2012.06.22"]
[SourceVersion "1"]
[SourceVersionDate "2012.06.22"]
[SourceQuality "1"]

1. d4 d5 2. Nf3 Nf6 3. e3 c5 4. c3 Bg4 5. Nbd2 Nc6 6. Be2 e6 7. b3 Bd6 8. dxc5 Bxc5 9. b4 Bd6 10. Nd4 Bxe2 11. Qxe2 0-0 12. 0-0 Rc8 13. Bb2 Ne5 14. f4 Nc4 15. Nxc4 Rxc4 16. Nf3 Qb6 17. Kh1 Ne4 18. Rac1 Rfc8 19. Ne5 Bxe5 20. fxe5 Qd8 21. Qf3 R8c7 22. Rc2 Qg5 23. Qf4 Qxf4 24. exf4 Rxb4 25. Ba3 Ra4 26. Bd6 Rd7 27. Bb8 Rd8 28. Bc7 Rc8 29. Bd6 Rac4 30. Rb1 b6 31. Bb4 Nxc3 32. Rxc3 Rxc3 33. Bxc3 Rxc3 34. g3 h5 35. Rb2 Kh7 36. Rd2 Kg6 37. Kg2 b5 38. h3 Kf5 39. Rb2 a6 40. Kh2 d4 41. Rf2 d3 42. g4+ hxg4 43. hxg4+ Ke4 44. Kg1 Rc1+ 45. Kg2 Rc2 46. f5 exf5 47. gxf5 Kxe5 0-1

[Event "Fyn-ch"]
[Site "Odense"]
[Date "2010.02.18"]
[Round "4"]
[White "Munk, Kris"]
[Black "Rasmussen, Jens"]
[Result "1-0"]
[WhiteElo "2017"]
[BlackElo "1810"]
[PlyCount "103"]
[EventDate "2010.01.14"]
[EventType "swiss"]
[EventRounds "7"]
[EventCountry "DEN"]
[SourceTitle "EXT 2018"]
[Source "ChessBase"]
[SourceDate "2017.10.13"]
[SourceVersion "1"]
[SourceVersionDate "2017.10.13"]
[SourceQuality "1"]

1. e4 c6 2. d3 e5 3. g3 d6 4. Bg2 Nf6 5. Ne2 Be7 6. 0-0 0-0 7. f4 Bg4 8. Be3 Bxe2 9. Qxe2 Nbd7 10. Nd2 Qc7 11. c3 Rfe8 12. d4 Bf8 13. fxe5 dxe5 14. d5 cxd5 15. exd5 Bc5 16. b3 Rab8 17. c4 Qb6 18. Bxc5 Qxc5+ 19. Kh1 b6 20. Rae1 a5 21. Be4 Qd6 22. g4 Nc5 23. g5 Nfxe4 24. Nxe4 Nxe4 25. Qxe4 Rb7 26. Rf5 Rbe7 27. Kg2 Qg6 28. h4 h5 29. Kf2 Qd6 30. Re2 Qc5+ 31. Qe3 Qd6 32. Qe4 Qc5+ 33. Ke1 Qg1+ 34. Kd2 Qa1 35. Kd3 Qb1+ 36. Ke3 Qg1+ 37. Rff2 Qa1 38. Kf3 f5 39. gxf6 Rf7 40. Kg2 gxf6 41. Kh2 Rg7 42. Rg2 Ree7 43. d6 Rd7 44. Qf5 Rxg2+ 45. Rxg2+ Rg7 46. Qe6+ Kh7 47. Rxg7+ Kxg7 48. Qe7+ Kg6 49. Qe8+ Kh6 50. Qh8+ Kg6 51. Qg8+ Kf5 52. Qh7+ 1-0

[Event "Fyn-ch"]
[Site "Odense"]
[Date "2008.01.31"]
[Round "3"]
[White "Schmidt, Jorn"]
[Black "Rasmussen, Jens"]
[Result "1-0"]
[WhiteElo "1801"]
[BlackElo "1584"]
[PlyCount "114"]
[EventDate "2008.01.10"]
[EventType "swiss"]
[EventRounds "7"]
[EventCountry "DEN"]
[SourceTitle "EXT 2018"]
[Source "ChessBase"]
[SourceDate "2017.10.13"]
[SourceVersion "1"]
[SourceVersionDate "2017.10.13"]
[SourceQuality "1"]

1. f4 d5 2. g3 g6 3. Bg2 c6 4. Nf3 Bg7 5. 0-0 Nf6 6. d3 0-0 7. Nc3 Qb6+ 8. e3 Bg4 9. Kh1 Nbd7 10. e4 e5 11. h3 Bxf3 12. Qxf3 d4 13. Ne2 Qc7 14. c4 c5 15. f5 a5 16. g4 h6 17. h4 Ra6 18. g5 hxg5 19. hxg5 Nh7 20. f6 Ndxf6 21. gxf6 Nxf6 22. Ng3 Qd7 23. Bd2 Qg4 24. Kh2 Qh4+ 25. Bh3 Nh7 26. Qg4 Qxg4 27. Bxg4 Nf6 28. Bh3 Rb6 29. Rab1 Ra8 30. Rf2 Nh7 31. b3 Rd6 32. Rbf1 f6 33. Rg1 Kf7 34. Rfg2 Ng5 35. Bxg5 fxg5 36. Rf2+ Ke7 37. Rgf1 Bf6 38. Bg4 Rh8+ 39. Kg2 Rh4 40. Bd1 Rf4 41. Rh1 Rxf2+ 42. Kxf2 Bg7 43. Kg2 b6 44. Bg4 Rd8 45. Rh7 Kf6 46. Nf1 Rd6 47. Nh2 Kf7 48. Be2 Kg8 49. Rh3 Rf6 50. Rg3 Rd6 51. Nf3 Bf6 52. Nxg5 Kg7 53. Kh3 Bxg5 54. Rxg5 Re6 55. Rg2 Rf6 56. Kg3 Kh6 57. Rh2+ Kg5 1-0

[Event "Politiken Cup 27th"]
[Site "Copenhagen"]
[Date "2005.07.16"]
[Round "1"]
[White "Bjornsson, Sigurbjorn"]
[Black "Rasmussen, Jens"]
[Result "1-0"]
[WhiteElo "2346"]
[BlackElo "1950"]
[PlyCount "51"]
[EventDate "2005.07.16"]
[EventType "swiss"]
[EventRounds "10"]
[EventCountry "DEN"]
[SourceTitle "CBM 107 Extra"]
[Source "ChessBase"]
[SourceDate "2005.09.01"]
[SourceVersion "1"]
[SourceVersionDate "2005.09.01"]
[SourceQuality "1"]

1. e4 c5 2. Nf3 d6 3. d4 cxd4 4. Nxd4 Nf6 5. Nc3 a6 6. Be2 e5 7. Nb3 Be7 8. g4 Be6 9. g5 Nfd7 10. h4 Nc6 11. Be3 b5 12. Nd5 Nc5 13. f3 Na4 14. Qd2 Rc8 15. 0-0-0 Bxd5 16. exd5 Nb8 17. Kb1 Nb6 18. Na5 Qc7 19. h5 Nxd5 20. Qxd5 Qxa5 21. g6 Rf8 22. h6 hxg6 23. hxg7 Rg8 24. Qb7 Qc7 25. Qxc7 Rxc7 26. Rh8 1-0